000 00347pab a2200145 454500
008 180718b2000 xxu||||| |||| 00| 0 eng d
100 _aKhader, S.A.
245 _aStrategic perspective for building productivity culture
260 _c2000
300 _ap.10-17
362 _aMay
650 _aProductivity
773 _aYojana
909 _a44569
999 _c44569
_d44569